000 01247cam a2200277 4500
001 44918
090 _a44918
100 _a19890221g19799999k y0pory5003 ba
101 1 _apor
102 _aPT
200 1 _aTextos fundamentais da física moderna
_fCarl D. Anderson ... [et al.]
_gint. e bibliografia Robert T. Beyer
_gnota de abertura de Fernando Bragança Gil
_gtrad. Carlos Fiolhais ... [et al.]
210 9 _aLisboa
_cFundacão Calouste Gulbenkian,
_d2004
215 _av.
_d23 cm
225 2 _aManuais universitários
327 0 _a1<U+00BA> v. : O princípio da relatividade / H. A. Lorentz, A. Einstein, H. Minkowski ; trad. Mário José Saraiva. - 3<U+00AA> ed. - colof. 1983. - XVIII, 279 p. : il
_a2<U+00BA> v. : Sobre a constitui—cão de átomos e moléculas / Niels Bohr ; trad. Egídio Namorado. - 2<U+00AA> ed. - colof. 1979. - 201 p. : il.
606 _aFísica
675 _a53
675 _a539.1(075.8)
_vBN
_zpor
701 1 _aLorentz,
_bH. A.,
_f1853-1928
_4070
701 1 _aEinstein,
_bAlbert,
_f1879-1955
_4070
701 1 _aMinkowski,
_bHermann,
_f1864-1909
_4070
701 1 _aBohr,
_bNiels,
_f1885-1962
_4070
702 1 _92
_aSaraiva,
_bMário
_4730
702 1 _aNamorado,
_bEgídio,
_f1920-1976
_4730
801 0 _aPT
_bBN
_gRPC
990 _cLIVROS